00420nam a2200133Ia 450000500170000000800410001702000180005808200130007610000130008924500260010226001130012830000130024150000320025420250620034224.0240331s9999 xx 000 0 und d a9789551468064 bBASa322 aBasil, F 0aManawa Himikam Pahana aSri LankabPeople's Alliance for the Elimination of Torture in Sri Lanka Asian human Rights Commissionc2007 a151 p ., aA book on Human Rights Lamp